كتاب المسائل / (رقم التسجيلة. 28995)

تفاصيل مارك
000 -LEADER
fixed length control field 00725nam a22002057a 4500
005 - DATE AND TIME OF LATEST TRANSACTION
control field 20251108165501.0
008 - FIXED-LENGTH DATA ELEMENTS--GENERAL INFORMATION
fixed length control field 250721s1992 xx 000 0 ara d
082 14 - DEWEY DECIMAL CLASSIFICATION NUMBER
Classification number م/217.5/حنب
100 1# - MAIN ENTRY--PERSONAL NAME
Personal name إبن حنبل، أبو عبد الله أحمد بن محمد
245 10 - TITLE STATEMENT
Title كتاب المسائل /
264 1# - PRODUCTION, PUBLICATION, DISTRIBUTION, MANUFACTURE, AND COPYRIGHT NOTICE
Place of production, publication, distribution, manufacture القاهره :
Name of producer, publisher, distributor, manufacturer دار المنار للطباعة و النشر و التوزيع،
Date of production, publication, distribution, manufacture, or copyright notice 1992.
300 ## - PHYSICAL DESCRIPTION
Extent ج
650 17 - SUBJECT ADDED ENTRY--TOPICAL TERM
Topical term or geographic name as entry element الإسلام
650 17 - SUBJECT ADDED ENTRY--TOPICAL TERM
Topical term or geographic name as entry element الفقه الإسلامي
650 17 - SUBJECT ADDED ENTRY--TOPICAL TERM
Topical term or geographic name as entry element الفقه الحنبلي
700 1# - ADDED ENTRY--PERSONAL NAME
Personal name إبن راهوية، أبو يعقوب إسحاق
700 1# - ADDED ENTRY--PERSONAL NAME
Personal name الزاحم، محمد بن عبد الله
Relator term تحقيق
942 ## - ADDED ENTRY ELEMENTS (KOHA)
Source of classification or shelving scheme Dewey Decimal Classification
Koha item type مراجع
المقتنيات
حالة السحب حالة الفقدان مصدر التصنيف حالة التلف غير قابل للإعارة المكتبة الرئيسية المكتبة الحالية موقع الرف تاريخ التزويد الرقم المتسلسل Total Checkouts رقم الإستدعاء الباركود تاريخ آخر ظهور تاريخ الفاتورة نوع المادة (كوها)
    Dewey Decimal Classification   Not For Loan المكتبة المركزية المكتبة المركزية مراجع 06/07/2004 173393   م/217.5/حنب 173393 28/07/2025 06/07/2004 مراجع
Implemented & Customized by: BBB with SCIT (Smart Chains for Information Technology)

Powered by Koha